Family law / (Record no. 3892)

MARC details
000 -LEADER
fixed length control field 00961cam a22002652 4500
001 - CONTROL NUMBER
control field 0000019200
005 - DATE AND TIME OF LATEST TRANSACTION
control field 20151217145911.0
008 - FIXED-LENGTH DATA ELEMENTS--GENERAL INFORMATION
fixed length control field 101019s xx 000 0 eng d
020 ## - INTERNATIONAL STANDARD BOOK NUMBER
International Standard Book Number 0414041790 :
040 ## - CATALOGING SOURCE
Original cataloging agency KABU
Transcribing agency KABU
100 1# - MAIN ENTRY--PERSONAL NAME
Personal name Wragg, Tony.
-- 0000160161
245 10 - TITLE STATEMENT
Title Family law /
Statement of responsibility, etc. Tony Wragg.
250 ## - EDITION STATEMENT
Edition statement 8th ed.
260 ## - PUBLICATION, DISTRIBUTION, ETC. (IMPRINT)
Place of publication, distribution, etc. London :
Name of publisher, distributor, etc. Thomson Reuters,
Date of publication, distribution, etc. 2010.
300 ## - PHYSICAL DESCRIPTION
Extent xxiii, 124 p.
650 #0 - SUBJECT ADDED ENTRY--TOPICAL TERM
Topical term or geographic name as entry element Domestic relations
Geographic subdivision Great Britain.
-- 0000160162
852 1# - LOCATION
-- p2190 KES
852 1# - LOCATION
-- p1,467 KES
852 1# - LOCATION
-- p1,467 KES
852 1# - LOCATION
-- p1489.80 KES
852 1# - LOCATION
-- p1170 KES
852 1# - LOCATION
-- p1,467 KES
908 ## - PUT COMMAND PARAMETER (RLIN)
Put command parameter 101019
950 ## - LOCAL HOLDINGS (RLIN)
-- 1
Holdings
Withdrawn status Lost status Source of classification or shelving scheme Not for loan Home library Current library Date acquired Total Checkouts Full call number Barcode Date last seen Date last checked out Price effective from Koha item type Total Renewals
    Library of Congress Classification   Kabarak, Main Campus Kabarak, Main Campus 17/12/2015 2 KD750 .Z9W73 2010 c. 5 21060 23/10/2017 04/10/2017 17/12/2015 General Collection  
    Library of Congress Classification   Kabarak, Main Campus Kabarak, Main Campus 17/12/2015 3 KD750 .Z9W73 2010 c. 6 21140 10/12/2019 10/12/2019 17/12/2015 General Collection  
    Library of Congress Classification   Kabarak, Main Campus Kabarak, Main Campus 17/12/2015 1 KD750 .Z9W73 2010 c. 8 21138 10/10/2017 13/09/2017 17/12/2015 General Collection  
    Library of Congress Classification   Kabarak, Main Campus Kabarak, Main Campus 17/12/2015 3 KD750 .Z9W73 2010 c. 1 23740 15/12/2017 19/10/2017 17/12/2015 General Collection  
    Library of Congress Classification   Kabarak, Main Campus Kabarak, Main Campus 17/12/2015   KD750 .Z9W73 2010 c. 3 23536 17/12/2015   17/12/2015 General Collection  
    Library of Congress Classification   Kabarak, Main Campus Kabarak, Main Campus 17/12/2015   KD750 .Z9W73 2010 c. 9 21137 16/09/2017   17/12/2015 General Collection  
    Library of Congress Classification   Kabarak, Main Campus Kabarak, Main Campus 17/12/2015 1 KD750 .Z9W73 2010 c. 2 23535 08/04/2026 24/03/2026 17/12/2015 General Collection  
    Library of Congress Classification   Kabarak, Main Campus Kabarak, Main Campus 17/12/2015   KD750 .Z9W73 2010 c. 7 21139 17/12/2015   17/12/2015 General Collection  
    Library of Congress Classification   Kabarak, Main Campus Kabarak, Main Campus 17/12/2015 4 KD750 .Z9W73 2010 c. 4 21061 29/11/2018 30/10/2018 17/12/2015 General Collection 1
Designed with assistance from East African Informatics Ltd